Crisis del periodismo y políticas de retracción de los Estados en Argentina, Brasil y Chile (Record no. 207770)
[ view plain ]
| 000 -CABECERA | |
|---|---|
| campo de control de longitud fija | 01662cab a2200289 a 4500 |
| 005 - FECHA Y HORA DE LA ÚLTIMA TRANSACCIÓN | |
| campo de control | 20250430063807.0 |
| 008 - ELEMENTOS DE LONGITUD FIJA--INFORMACIÓN GENERAL | |
| campo de control de longitud fija | 991125c2020 mx fr p o 000 0 spa d |
| 035 ## - NÚMERO DE CONTROL DEL SISTEMA | |
| Número de control de sistema | UPN01000235675 |
| 040 ## - FUENTE DE LA CATALOGACIÓN | |
| Centro catalogador/agencia de origen | MX-MxUPN |
| Lengua de catalogación | spa |
| Normas de descripción | aacr2 |
| 049 ## - COLECCIÓN | |
| Colección | ART-E |
| 100 1# - ASIENTO PRINCIPAL--NOMBRE PERSONAL | |
| Nombre de persona | Monje, Daniela Inés |
| Enlace | - danielamonje70@gmail.com |
| 100 1# - ASIENTO PRINCIPAL--NOMBRE PERSONAL | |
| Nombre de persona | Rivero, Ezequiel Alexander |
| 100 1# - ASIENTO PRINCIPAL--NOMBRE PERSONAL | |
| Nombre de persona | Zanotti, Juan Martín |
| 245 10 - MENCIÓN DE TÍTULO | |
| Título | Crisis del periodismo y políticas de retracción de los Estados en Argentina, Brasil y Chile |
| Medio | [recurso electrónico en línea] |
| 260 ## - PUBLICACIÓN, DISTRIBUCIÓN, ETC. | |
| Lugar de publicación, distribución, etc. | México |
| 506 0# - NOTA DE RESTRICCIONES AL ACCESO | |
| Limitaciones de acceso | Acceso abierto |
| 520 3# - NOTA DE RESUMEN, ETC. | |
| Sumario, etc. | Este artículo analiza cómo la estructura de propiedad del sistema mediático y el rol del Estado, se vinculan con el deterioro del trabajo periodístico y el ejercicio de la libertadde expresión. Desde la Economía Política del Periodismo y las discusiones sobre el derecho a la información, el estudio comparativo propuesto contrasta la situación en Brasil, Argentina y Chile entre 2016 y 2018. Se concluye que la alta concentración en los tres sistemas de medios, junto a la retracción del Estado como regulador y productor de contenidos, profundizan una crisis que amenaza la actividad periodística. |
| 650 #4 - ASIENTO SECUNDARIO DE MATERIA - TERMINO TEMATICO | |
| Término de materia o nombre geográfico como elemento de entrada | Periodismo |
| 9 (RLIN) | 10230 |
| 650 #2 - ASIENTO SECUNDARIO DE MATERIA - TERMINO TEMATICO | |
| Término de materia o nombre geográfico como elemento de entrada | Libertad de expresión |
| 9 (RLIN) | 6920 |
| 653 0# - TERMINO DE INDIZACION - NO CONTROLADO | |
| Término no controlado | Economía política |
| 653 0# - TERMINO DE INDIZACION - NO CONTROLADO | |
| Término no controlado | Crisis política |
| 773 ## - ENLACE AL DOCUMENTO FUENTE/ENTRADA DE REGISTRO ANFITRIÓN | |
| Parte(s) relacionada(s) | Año 17 (2020), p. 1-22 |
| Título | Comunicación y sociedad |
| Número Internacional Normalizado para Publicaciones Seriadas | 2448-9042 |
| 856 40 - LOCALIZACIÓN Y ACCESO ELECTRÓNICOS | |
| Identificador Uniforme del Recurso | <a href="http://www.comunicacionysociedad.cucsh.udg.mx/index.php/comsoc/article/view/e7622/6201">http://www.comunicacionysociedad.cucsh.udg.mx/index.php/comsoc/article/view/e7622/6201</a> |
| 856 40 - LOCALIZACIÓN Y ACCESO ELECTRÓNICOS | |
| Identificador Uniforme del Recurso | <a href="https://doi.org/10.32870/cys.v2020.7622">https://doi.org/10.32870/cys.v2020.7622</a> |
| Nota pública | Consultar articulo completo |
| 905 ## - TIPO DE MATERIAL | |
| Tipo de material | Articulo |
| 942 ## - ELEMENTOS DE PUNTO DE ACCESO ADICIONAL (KOHA) | |
| Tipo de ítem Koha | Artículo Electrónico |
| Estado de retiro | Estado de pérdida | Estado dañado | No para préstamo | Código de colección | Localización permanente | Ubicación/localización actual | Ubicación en estantería | Fecha de adquisición | Fecha visto por última vez | Identificador Uniforme del Recurso | Tipo de ítem Koha |
|---|---|---|---|---|---|---|---|---|---|---|---|
| Acceso abierto | Bib. Gregorio Torres Quintero | Bib. Gregorio Torres Quintero | En línea | 18/08/2022 | 18/08/2022 | https://doi.org/10.32870/cys.v2020.7622 | Artículo Electrónico |
